Leader xxxxxxxxxx
001 __ 102499/7/04
005 __ 20171120175624.426
010 0_ |a957-32-5414-X|b第1冊:平裝|d新臺幣280元
010 0_ |a957-32-5415-8|b第2冊:平裝|d新臺幣280元
010 0_ |a957-32-5416-6|b第3冊:平裝|d新臺幣280元
010 0_ |a957-32-5417-4|b第4冊:平裝|d新臺幣280元
010 0_ |a957-32-5413-1|b全套:平裝|d新臺幣1120元
020 __ |atw|b93024592
100 __ |a20171120d2005 km y0chiy50 e
101 0_ |achi
102 __ |atw
105 __ |aaf z 000ay
200 1_ |a倚天屠龍記|f金庸作
205 __ |a四版
210 __ |a臺北市|c遠流|d2005[民94]
215 0_ |a4冊|c部份彩圖|d22公分
225 12 |a金庸作品集|v16-19
300 __ |a公元2005年金庸新修版
300 __ |a版權頁英文題名:The heavenly sword and the dragon sabre
517 1_ |aThe heavenly sword and the dragon sabre|zeng
681 __ |a857.9|b864 v.1
700 _0 |a金庸|4作
801 _0 |atw|bLibDipper|c20171120|gCCR
|